000 01200 a2200229 4500
003 Nust
005 20220803152431.0
010 _a 91028063
040 _cNust
082 0 0 _a621.3192,MAG
100 1 _aMagnusson, Philip Cooper.
_996458
245 1 0 _aTransmission lines and wave propagation /
_cPhilip C. Magnusson, Gerald C. Alexander, Vijai K. Tripathi.
250 _a3rd ed.
260 _aBoca Raton, Fla. :
_bCRC Press,
_cc1992.
300 _ax, 460 p. :
_bill. ;
_c23 cm.
505 _aIntroduction (Page-1), Wave Propagation On An Infinite Lossless Line (Page-11), Step-Function Waves On A Terminated Lossless Line (Page-25), Sinusoidal Traveling Waves On Lossy Line (Page-51), Wave Distortion On Lossy Lines (Page-73),Sinusoidal Voltages And Currents On A Terminated Line (Page-103), Impedance, Admittance And The Smith Chart (Page-131), The Ladder-Network Delay Line Or Artificial Line (Page-169), Electromagnetic Fields And Maxwell’s Equations (Page-193), Plane Electromagnetic Waves (Page-211).
650 0 _aElectric lines.
_941292
650 0 _aElectromagnetic waves.
_910533
700 1 _aAlexander, Gerald C.
_996459
700 1 _aTripathi, Vijai K.
_996460
942 _2ddc
_cBK
999 _c175541
_d175541